000 00677nam a22002417a 4500
003 DO-SdBNP
005 20180220094238.0
008 180220b 2002 sp a 00| 0 spa d
020 _a8426336248
040 _aBPMSU
_bspa
_cBPMSU
082 4 _axxxxx
_bxxxxx
100 1 _aLiñán, Alfredo
245 1 3 _aEl secreto del lago /
_cAlfredo Liñán Corrochano ; ilustración Paz Rodero
250 _a4a ed.
260 _aEspaña :
_bEdelvives,
_c2002.
300 _a115 p. :
_bil. ;
_c18 cm.
490 1 _aAladelta
_v215
700 1 _aRodero, Paz
830 0 _aAladelta
_n215
942 _2ddc
_cBK
945 _aInventariado, 2018 / BT
956 _aBTAVAREZ
_b10
_d20180220
_fBPMSU
_h0038
999 _c13318
_d13318